[Event "MPJ_D16"]
[Site "?"]
[Date "2016.03.18"]
[Round "7.16"]
[White "Przepiora, Anna"]
[Black "Luka, Agnieszka"]
[Result "1/2-1/2"]
[BlackElo "1313"]
[WhiteElo "1243"]
[LiveChessVersion "1.4.8"]

1. e4 {[%clk 1:30:58]} d6 {[%clk 1:30:33]} 2. d4 {[%clk 1:31:21]} g6
{[%clk 1:30:55]} 3. Nc3 {[%clk 1:31:43]} Bg7 {[%clk 1:31:11]} 4. Be3
{[%clk 1:31:59]} Nd7 {[%clk 1:31:10]} 5. Bc4 {[%clk 1:32:06]} e5 {[%clk 1:31:15]}
6. Nge2 {[%clk 1:31:52]} Ngf6 {[%clk 1:31:15]} 7. f3 {[%clk 1:31:54]} O-O
{[%clk 1:31:09]} 8. Qd2 {[%clk 1:31:47]} Re8 {[%clk 1:30:14]} 9. O-O
{[%clk 1:29:03]} Nb6 {[%clk 1:27:40]} 10. Bb3 {[%clk 1:27:55]} c6
{[%clk 1:21:45]} 11. Rad1 {[%clk 1:23:57]} Be6 {[%clk 1:20:57]} 12. Bxe6
{[%clk 1:21:17]} fxe6 {[%clk 1:19:55]} 13. b3 {[%clk 1:14:55]} exd4
{[%clk 1:17:55]} 14. Nxd4 {[%clk 1:14:47]} d5 {[%clk 1:15:53]} 15. Bh6
{[%clk 1:04:06]} Qe7 {[%clk 1:11:00]} 16. Bxg7 {[%clk 0:59:56]} Kxg7
{[%clk 1:08:39]} 17. exd5 {[%clk 0:54:33]} Nbxd5 {[%clk 1:07:28]} 18. Nxd5
{[%clk 0:50:19]} exd5 {[%clk 1:06:48]} 19. Rfe1 {[%clk 0:50:12]} Qd7
{[%clk 1:06:27]} 20. Re3 {[%clk 0:42:17]} Rxe3 {[%clk 1:05:46]} 21. Qxe3
{[%clk 0:41:54]} Re8 {[%clk 1:05:46]} 22. Qd2 {[%clk 0:41:54]} Re5
{[%clk 1:02:22]} 23. Re1 {[%clk 0:37:20]} Qe7 {[%clk 0:59:31]} 24. Kf2
{[%clk 0:35:26]} Rxe1 {[%clk 0:58:47]} 25. Qxe1 {[%clk 0:35:48]} Qxe1+
{[%clk 0:59:11]} 26. Kxe1 {[%clk 0:36:11]} Kf7 {[%clk 0:59:28]} 27. Ke2
{[%clk 0:34:26]} Nd7 {[%clk 0:58:52]} 28. Ke3 {[%clk 0:33:07]} Kf6
{[%clk 0:58:23]} 29. f4 {[%clk 0:32:13]} Nc5 {[%clk 0:57:51]} 30. g4
{[%clk 0:31:37]} h6 {[%clk 0:56:43]} 31. h4 {[%clk 0:29:53]} Ne4 {[%clk 0:55:36]}
32. c4 {[%clk 0:29:36]} Nc3 {[%clk 0:54:32]} 33. cxd5 {[%clk 0:27:00]} Nxd5+
{[%clk 0:50:09]} 34. Kf3 {[%clk 0:26:56]} a6 {[%clk 0:42:08]} 35. g5+
{[%clk 0:26:13]} hxg5 {[%clk 0:37:46]} 36. hxg5+ {[%clk 0:26:29]} Ke7
{[%clk 0:37:33]} 37. Ne2 {[%clk 0:24:50]} Ke6 {[%clk 0:37:14]} 38. Ke4
{[%clk 0:24:48]} c5 {[%clk 0:36:36]} 39. a3 {[%clk 0:24:21]} b5 {[%clk 0:36:19]}
40. Ng3 {[%clk 0:53:52]} Ne7 {[%clk 1:06:26]} 41. Ne2 {[%clk 0:53:49]} 1/2-1/2

[Event "MPJ_D16"]
[Site "?"]
[Date "2016.03.18"]
[Round "7.17"]
[White "Waszkowiak, Kinga"]
[Black "Guzik, Natalia"]
[Result "0-1"]
[BlackElo "1619"]
[WhiteElo "1044"]
[LiveChessVersion "1.4.8"]

1. e4 {[%clk 1:30:56]} d5 {[%clk 1:30:56]} 2. exd5 {[%clk 1:30:11]} Nf6
{[%clk 1:31:17]} 3. Nf3 {[%clk 1:30:07]} Nxd5 {[%clk 1:31:26]} 4. c4
{[%clk 1:27:43]} Nb6 {[%clk 1:27:11]} 5. d4 {[%clk 1:20:37]} g6 {[%clk 1:27:19]}
6. Nc3 {[%clk 1:15:40]} Bg7 {[%clk 1:27:34]} 7. Be3 {[%clk 1:15:10]} O-O
{[%clk 1:27:38]} 8. Be2 {[%clk 1:10:33]} Nc6 {[%clk 1:26:57]} 9. O-O
{[%clk 1:06:50]} e5 {[%clk 1:24:12]} 10. dxe5 {[%clk 1:04:29]} Nxe5
{[%clk 1:23:47]} 11. Nxe5 {[%clk 1:04:30]} Bxe5 {[%clk 1:23:42]} 12. Qd2
{[%clk 1:03:30]} Be6 {[%clk 1:14:17]} 13. b3 {[%clk 1:00:33]} Qf6
{[%clk 1:06:56]} 14. Rac1 {[%clk 0:54:16]} Rad8 {[%clk 1:05:07]} 15. Qb2
{[%clk 0:47:23]} Qe7 {[%clk 1:00:02]} 16. Rfd1 {[%clk 0:37:13]} Rxd1+
{[%clk 0:59:49]} 17. Rxd1 {[%clk 0:36:44]} Qf6 {[%clk 0:56:37]} 18. Rc1
{[%clk 0:33:34]} Rd8 {[%clk 0:56:06]} 19. Qc2 {[%clk 0:32:49]} Bf5
{[%clk 0:55:56]} 20. Qb2 {[%clk 0:30:00]} Bd3 {[%clk 0:46:30]} 21. Bxd3
{[%clk 0:26:12]} Rxd3 {[%clk 0:45:45]} 22. Bd2 {[%clk 0:25:20]} Qd6
{[%clk 0:39:32]} 23. f4 {[%clk 0:10:59]} Rxd2 {[%clk 0:38:53]} 24. Ne4
{[%clk 0:09:50]} Bxb2 {[%clk 0:38:32]} 25. Nxd6 {[%clk 0:09:43]} Bxc1 0-1

[Event "MPJ_D16"]
[Site "?"]
[Date "2016.03.19"]
[Round "8.1"]
[White "Frej, Zofia"]
[Black "Krzywnicka, Maria"]
[Result "1-0"]
[BlackElo "1646"]
[WhiteElo "1792"]
[LiveChessVersion "1.4.8"]

1. d4 {[%clk 1:30:57]} Nf6 {[%clk 1:30:46]} 2. Nf3 {[%clk 1:31:20]} e6
{[%clk 1:29:14]} 3. c4 {[%clk 1:31:29]} c5 {[%clk 1:28:34]} 4. e3
{[%clk 1:31:52]} Qc7 {[%clk 1:21:32]} 5. Nc3 {[%clk 1:31:37]} a6 {[%clk 1:20:39]}
6. Bd3 {[%clk 1:30:08]} d6 {[%clk 1:18:49]} 7. O-O {[%clk 1:28:47]} g6
{[%clk 1:18:06]} 8. a3 {[%clk 1:26:26]} Bg7 {[%clk 1:07:59]} 9. b4
{[%clk 1:16:40]} O-O {[%clk 1:05:43]} 10. Rb1 {[%clk 1:15:29]} Nbd7
{[%clk 1:04:02]} 11. Bb2 {[%clk 1:10:06]} b6 {[%clk 1:01:28]} 12. Rc1
{[%clk 1:02:58]} Bb7 {[%clk 0:58:23]} 13. Qe2 {[%clk 1:02:00]} Nh5
{[%clk 0:56:02]} 14. dxc5 {[%clk 0:58:17]} dxc5 {[%clk 0:53:12]} 15. Rfd1
{[%clk 0:56:13]} f5 {[%clk 0:45:56]} 16. b5 {[%clk 0:48:03]} a5 {[%clk 0:45:36]}
17. Ng5 {[%clk 0:41:50]} Rae8 {[%clk 0:44:37]} 18. Qd2 {[%clk 0:37:37]} Ne5
{[%clk 0:42:28]} 19. Be2 {[%clk 0:37:38]} h6 {[%clk 0:40:46]} 20. Nf3
{[%clk 0:33:54]} Bxf3 {[%clk 0:26:19]} 21. gxf3 {[%clk 0:33:09]} Rd8
{[%clk 0:26:02]} 22. Qc2 {[%clk 0:32:40]} Qb7 {[%clk 0:21:52]} 23. Rxd8
{[%clk 0:31:31]} Rxd8 {[%clk 0:22:02]} 24. Rd1 {[%clk 0:31:54]} Rxd1+
{[%clk 0:21:12]} 25. Qxd1 {[%clk 0:32:16]} f4 {[%clk 0:20:56]} 26. Ne4
{[%clk 0:29:37]} Qe7 {[%clk 0:20:31]} 27. Qd6 {[%clk 0:26:53]} Qxd6
{[%clk 0:17:48]} 28. Nxd6 {[%clk 0:27:16]} Nd7 {[%clk 0:14:28]} 29. Bxg7
{[%clk 0:26:42]} Kxg7 {[%clk 0:14:46]} 30. Kf1 {[%clk 0:26:16]} Kf6
{[%clk 0:13:08]} 31. Ke1 {[%clk 0:23:27]} e5 {[%clk 0:11:41]} 32. Bd3
{[%clk 0:23:12]} Ng7 {[%clk 0:10:53]} 33. Ke2 {[%clk 0:18:39]} g5
{[%clk 0:09:30]} 34. Be4 {[%clk 0:17:01]} Ne6 {[%clk 0:08:33]} 35. Bc6
{[%clk 0:14:23]} Nef8 {[%clk 0:08:13]} 36. Nc8 {[%clk 0:13:46]} Ke6
{[%clk 0:07:28]} 37. Kd3 {[%clk 0:10:56]} Kf5 {[%clk 0:06:12]} 38. Ne7+
{[%clk 0:09:38]} Kf6 {[%clk 0:05:28]} 39. Nd5+ {[%clk 0:09:13]} Ke6
{[%clk 0:03:44]} 40. Ke4 {[%clk 0:37:15]} Nf6+ {[%clk 0:31:14]} 41. Nxf6
{[%clk 0:37:26]} Kxf6 {[%clk 0:31:30]} 42. Kd5 {[%clk 0:37:29]} Ng6
{[%clk 0:28:22]} 43. Kd6 {[%clk 0:35:52]} Nh4 {[%clk 0:28:24]} 44. Kc7
{[%clk 0:36:03]} 1-0

[Event "MPJ_D16"]
[Site "?"]
[Date "2016.03.19"]
[Round "8.2"]
[White "Cieslak, Wiktoria"]
[Black "Kaczmarska, Joanna"]
[Result "1-0"]
[BlackElo "2013"]
[WhiteElo "1904"]
[LiveChessVersion "1.4.8"]

1. e4 {[%clk 1:30:57]} e5 {[%clk 1:30:52]} 2. Nf3 {[%clk 1:31:21]} Nc6
{[%clk 1:31:14]} 3. d4 {[%clk 1:31:45]} exd4 {[%clk 1:31:41]} 4. Nxd4
{[%clk 1:32:07]} Nf6 {[%clk 1:32:07]} 5. Nxc6 {[%clk 1:32:28]} bxc6
{[%clk 1:32:34]} 6. e5 {[%clk 1:32:34]} Qe7 {[%clk 1:33:00]} 7. Qe2
{[%clk 1:32:51]} Nd5 {[%clk 1:33:27]} 8. b3 {[%clk 1:33:11]} g6 {[%clk 1:30:21]}
9. g3 {[%clk 1:33:26]} Bg7 {[%clk 1:30:40]} 10. Bb2 {[%clk 1:33:49]} O-O
{[%clk 1:30:06]} 11. c4 {[%clk 1:33:55]} Ba6 {[%clk 1:29:58]} 12. Bg2
{[%clk 1:34:17]} Rfe8 {[%clk 1:29:40]} 13. O-O {[%clk 1:34:31]} Nb6
{[%clk 1:16:18]} 14. Re1 {[%clk 1:34:22]} d5 {[%clk 1:07:42]} 15. Qc2
{[%clk 1:31:58]} Qe6 {[%clk 0:57:41]} 16. Nd2 {[%clk 1:21:31]} Rad8
{[%clk 0:49:23]} 17. c5 {[%clk 1:15:13]} Nd7 {[%clk 0:43:25]} 18. f4
{[%clk 1:02:13]} Bf8 {[%clk 0:42:12]} 19. b4 {[%clk 1:01:34]} Rb8
{[%clk 0:41:21]} 20. a3 {[%clk 0:58:40]} Qf5 {[%clk 0:28:01]} 21. Qxf5
{[%clk 0:58:12]} gxf5 {[%clk 0:28:16]} 22. Bd4 {[%clk 0:58:16]} Bd3
{[%clk 0:28:14]} 23. Bh3 {[%clk 0:57:11]} Re7 {[%clk 0:26:36]} 24. Nf3
{[%clk 0:56:05]} a5 {[%clk 0:26:54]} 25. Bc3 {[%clk 0:52:28]} axb4
{[%clk 0:26:46]} 26. axb4 {[%clk 0:52:51]} Bg7 {[%clk 0:11:29]} 27. Nd4
{[%clk 0:47:44]} Kf8 {[%clk 0:07:56]} 28. Nxc6 {[%clk 0:47:51]} Ree8
{[%clk 0:08:17]} 29. Nxb8 {[%clk 0:47:54]} Nxb8 {[%clk 0:07:56]} 30. Red1
{[%clk 0:46:19]} Be4 {[%clk 0:07:57]} 31. b5 {[%clk 0:46:32]} c6 {[%clk 0:07:36]}
32. b6 {[%clk 0:45:18]} Nd7 {[%clk 0:07:53]} 33. Ra7 {[%clk 0:45:03]} Nb8
{[%clk 0:08:22]} 34. Bd4 {[%clk 0:43:41]} Rd8 {[%clk 0:08:45]} 35. Rda1
{[%clk 0:43:15]} Bd3 {[%clk 0:08:51]} 36. Ra8 {[%clk 0:43:15]} Ke8
{[%clk 0:08:32]} 37. R1a3 {[%clk 0:42:24]} 1-0

[Event "MPJ_D16"]
[Site "?"]
[Date "2016.03.19"]
[Round "8.3"]
[White "Daliga, Anita"]
[Black "Trusz, Julia"]
[Result "0-1"]
[BlackElo "1653"]
[WhiteElo "1632"]
[LiveChessVersion "1.4.8"]

1. e4 {[%clk 1:30:53]} c5 {[%clk 1:30:49]} 2. Nf3 {[%clk 1:31:07]} Nc6
{[%clk 1:31:03]} 3. d4 {[%clk 1:31:23]} cxd4 {[%clk 1:31:23]} 4. Nxd4
{[%clk 1:31:39]} Nf6 {[%clk 1:31:41]} 5. Nc3 {[%clk 1:31:38]} d6 {[%clk 1:31:45]}
6. Bg5 {[%clk 1:30:44]} e6 {[%clk 1:31:40]} 7. Qd2 {[%clk 1:29:50]} a6
{[%clk 1:31:34]} 8. Be2 {[%clk 1:29:26]} Bd7 {[%clk 1:28:32]} 9. O-O
{[%clk 1:28:03]} h6 {[%clk 1:26:58]} 10. Be3 {[%clk 1:26:44]} Be7
{[%clk 1:24:48]} 11. Kh1 {[%clk 1:23:45]} O-O {[%clk 1:23:47]} 12. f4
{[%clk 1:22:09]} b5 {[%clk 1:20:26]} 13. a3 {[%clk 1:18:47]} e5 {[%clk 1:18:17]}
14. Nb3 {[%clk 1:16:52]} exf4 {[%clk 1:16:09]} 15. Bxf4 {[%clk 1:15:30]} Ne5
{[%clk 1:16:08]} 16. Nd4 {[%clk 1:04:52]} Qc7 {[%clk 1:13:22]} 17. Nf5
{[%clk 0:55:21]} Bc6 {[%clk 1:09:17]} 18. Nd5 {[%clk 0:44:39]} Bxd5
{[%clk 0:59:18]} 19. exd5 {[%clk 0:43:19]} Ng6 {[%clk 0:52:21]} 20. Rae1
{[%clk 0:26:42]} Nxf4 {[%clk 0:47:09]} 21. Rxf4 {[%clk 0:22:47]} Rfe8
{[%clk 0:46:35]} 22. Rh4 {[%clk 0:21:05]} Bf8 {[%clk 0:42:17]} 23. Rf1
{[%clk 0:18:49]} Ne4 {[%clk 0:38:42]} 24. Qf4 {[%clk 0:15:20]} Ng5
{[%clk 0:23:17]} 25. Bd3 {[%clk 0:14:35]} Re5 {[%clk 0:21:13]} 26. Rg4
{[%clk 0:13:56]} Kh8 {[%clk 0:18:48]} 27. h4 {[%clk 0:12:52]} Nh7
{[%clk 0:18:53]} 28. Nd4 {[%clk 0:09:19]} Nf6 {[%clk 0:17:08]} 29. Nf3
{[%clk 0:04:23]} Nxg4 {[%clk 0:14:51]} 30. Qxg4 {[%clk 0:04:48]} Re7
{[%clk 0:10:45]} 31. Ng5 {[%clk 0:04:06]} g6 {[%clk 0:08:24]} 32. Ne4
{[%clk 0:03:55]} f5 {[%clk 0:05:03]} 33. Qxg6 {[%clk 0:04:09]} fxe4
{[%clk 0:05:27]} 34. Bxe4 {[%clk 0:04:21]} Rxe4 {[%clk 0:03:23]} 35. Qxe4
{[%clk 0:04:34]} Qe7 {[%clk 0:03:32]} 36. Qg4 {[%clk 0:04:06]} Bg7
{[%clk 0:02:51]} 37. c3 {[%clk 0:04:19]} Re8 {[%clk 0:02:28]} 38. Qg6
{[%clk 0:02:41]} Qxh4+ {[%clk 0:01:43]} 39. Kg1 {[%clk 0:03:07]} Re1
{[%clk 0:00:52]} 40. Qf5 {[%clk 0:31:22]} Rxf1+ {[%clk 0:31:04]} 41. Qxf1
{[%clk 0:31:17]} Qf6 {[%clk 0:29:25]} 42. Qe2 {[%clk 0:31:07]} Qe5
{[%clk 0:28:36]} 43. Qf3 {[%clk 0:31:02]} Qe1+ {[%clk 0:28:49]} 44. Kh2
{[%clk 0:31:11]} Be5+ {[%clk 0:28:13]} 45. Kh3 {[%clk 0:30:25]} Bg7
{[%clk 0:27:46]} 46. Qf5 {[%clk 0:28:36]} Qe5 {[%clk 0:27:16]} 47. Qf3
{[%clk 0:27:32]} Bf6 {[%clk 0:26:14]} 48. Qg4 {[%clk 0:26:31]} Qxd5
{[%clk 0:23:58]} 49. Qc8+ {[%clk 0:25:01]} Qg8 {[%clk 0:23:59]} 50. Qf5
{[%clk 0:24:41]} Be5 {[%clk 0:23:43]} 51. Qf3 {[%clk 0:23:48]} Qg5
{[%clk 0:23:18]} 52. Qa8+ {[%clk 0:23:42]} Kg7 {[%clk 0:23:33]} 53. Qb7+
{[%clk 0:23:10]} Kf6 {[%clk 0:23:19]} 54. g4 {[%clk 0:21:58]} h5 {[%clk 0:23:05]}
55. Qf3+ {[%clk 0:20:52]} Kg6 {[%clk 0:23:23]} 56. gxh5+ {[%clk 0:17:26]} Qxh5+
{[%clk 0:23:47]} 57. Kg2 {[%clk 0:16:52]} Qxf3+ {[%clk 0:23:09]} 58. Kxf3
{[%clk 0:17:16]} Kf5 {[%clk 0:23:20]} 59. Ke3 {[%clk 0:17:40]} Bf4+
{[%clk 0:22:49]} 60. Kd3 {[%clk 0:18:01]} Ke5 {[%clk 0:23:04]} 61. Kc2
{[%clk 0:17:17]} a5 {[%clk 0:22:21]} 62. Kd3 {[%clk 0:16:42]} Kd5
{[%clk 0:22:23]} 63. Kc2 {[%clk 0:16:12]} Kc4 {[%clk 0:22:24]} 64. b3+
{[%clk 0:16:15]} Kc5 {[%clk 0:22:48]} 65. Kd1 {[%clk 0:15:36]} a4
{[%clk 0:22:53]} 66. Kc2 {[%clk 0:15:47]} axb3+ {[%clk 0:22:49]} 67. Kxb3
{[%clk 0:16:11]} Be5 {[%clk 0:23:09]} 68. a4 {[%clk 0:16:10]} bxa4+
{[%clk 0:23:27]} 69. Kxa4 {[%clk 0:16:34]} Kc4 {[%clk 0:23:50]} 70. Ka3
{[%clk 0:16:54]} Kxc3 {[%clk 0:24:11]} 71. Ka2 {[%clk 0:17:14]} d5
{[%clk 0:24:34]} 72. Kb1 {[%clk 0:17:37]} Bf4 {[%clk 0:25:01]} 73. Ka2
{[%clk 0:17:57]} d4 {[%clk 0:25:26]} 74. Ka3 {[%clk 0:18:20]} d3 {[%clk 0:25:50]}
75. Ka2 {[%clk 0:18:42]} d2 {[%clk 0:26:14]} 76. Ka3 {[%clk 0:19:05]} d1=Q
{[%clk 0:26:36]} 77. Ka2 {[%clk 0:19:31]} Qb3+ {[%clk 0:26:57]} 78. Ka1
{[%clk 0:19:55]} Qb2# 0-1

[Event "MPJ_D16"]
[Site "?"]
[Date "2016.03.19"]
[Round "8.4"]
[White "Karykowska, Anna"]
[Black "Wojcik, Jagoda"]
[Result "1-0"]
[BlackElo "1510"]
[WhiteElo "1832"]
[LiveChessVersion "1.4.8"]

1. e4 {[%clk 1:30:57]} e5 {[%clk 1:30:45]} 2. Nf3 {[%clk 1:31:19]} Nc6
{[%clk 1:31:11]} 3. Bc4 {[%clk 1:29:36]} Nf6 {[%clk 1:31:11]} 4. d4
{[%clk 1:27:44]} exd4 {[%clk 1:31:35]} 5. Ng5 {[%clk 1:25:48]} Ne5
{[%clk 1:22:12]} 6. Bb3 {[%clk 1:25:05]} h6 {[%clk 1:19:25]} 7. f4
{[%clk 1:25:32]} hxg5 {[%clk 1:15:09]} 8. fxe5 {[%clk 1:25:54]} Nh5
{[%clk 1:07:15]} 9. O-O {[%clk 1:19:54]} d5 {[%clk 1:01:38]} 10. exd6
{[%clk 1:11:02]} Be6 {[%clk 0:58:24]} 11. Bxe6 {[%clk 1:03:53]} fxe6
{[%clk 0:58:48]} 12. e5 {[%clk 0:57:50]} cxd6 {[%clk 0:57:06]} 13. Qd3
{[%clk 0:52:14]} Qb6 {[%clk 0:53:40]} 14. Bxg5 {[%clk 0:47:17]} dxe5
{[%clk 0:48:02]} 15. Qg6+ {[%clk 0:45:06]} Kd7 {[%clk 0:47:15]} 16. Qf7+
{[%clk 0:43:33]} Kd6 {[%clk 0:46:51]} 17. Nd2 {[%clk 0:41:11]} Rc8
{[%clk 0:38:39]} 18. Ne4+ {[%clk 0:37:20]} Kd5 {[%clk 0:39:02]} 19. Qf3
{[%clk 0:34:42]} g6 {[%clk 0:28:20]} 20. c4+ {[%clk 0:26:01]} Kc6
{[%clk 0:26:23]} 21. c5 {[%clk 0:21:45]} Bxc5 {[%clk 0:22:26]} 22. Nxc5+
{[%clk 0:22:11]} Kxc5 {[%clk 0:21:43]} 23. Be7+ {[%clk 0:22:12]} Kb5
{[%clk 0:21:30]} 24. a4+ {[%clk 0:21:47]} Ka5 {[%clk 0:19:21]} 25. b4+
{[%clk 0:21:38]} Ka6 {[%clk 0:19:42]} 26. Qd3+ {[%clk 0:21:51]} 1-0

[Event "MPJ_D16"]
[Site "?"]
[Date "2016.03.19"]
[Round "8.5"]
[White "Kindler, Karolina"]
[Black "Kalinowska, Karolina"]
[Result "1-0"]
[BlackElo "1571"]
[WhiteElo "1597"]
[LiveChessVersion "1.4.8"]

1. d4 {[%clk 1:30:58]} d5 {[%clk 1:30:53]} 2. Nf3 {[%clk 1:31:22]} Nf6
{[%clk 1:31:12]} 3. e3 {[%clk 1:31:45]} e6 {[%clk 1:31:25]} 4. c4
{[%clk 1:32:06]} Be7 {[%clk 1:31:16]} 5. Nc3 {[%clk 1:32:25]} O-O
{[%clk 1:31:24]} 6. Bd3 {[%clk 1:32:24]} c6 {[%clk 1:29:01]} 7. O-O
{[%clk 1:32:45]} Nbd7 {[%clk 1:29:26]} 8. b3 {[%clk 1:32:57]} b6 {[%clk 1:29:25]}
9. Bb2 {[%clk 1:32:39]} Bb7 {[%clk 1:29:35]} 10. cxd5 {[%clk 1:32:40]} exd5
{[%clk 1:27:27]} 11. Rc1 {[%clk 1:32:37]} Rc8 {[%clk 1:24:41]} 12. Ne2
{[%clk 1:30:40]} Ne4 {[%clk 1:20:22]} 13. Qc2 {[%clk 1:30:06]} Ndf6
{[%clk 1:20:16]} 14. Nh4 {[%clk 1:29:54]} Re8 {[%clk 1:14:51]} 15. Nf5
{[%clk 1:29:58]} Bf8 {[%clk 1:14:05]} 16. Neg3 {[%clk 1:24:24]} Qd7
{[%clk 1:08:32]} 17. Qe2 {[%clk 1:20:54]} Rc7 {[%clk 1:00:15]} 18. f3
{[%clk 1:08:55]} Nd6 {[%clk 0:59:09]} 19. Nxd6 {[%clk 1:08:07]} Qxd6
{[%clk 0:58:47]} 20. e4 {[%clk 1:06:33]} Qd8 {[%clk 0:51:45]} 21. e5
{[%clk 1:03:45]} Nd7 {[%clk 0:51:43]} 22. f4 {[%clk 1:03:38]} Bc8
{[%clk 0:34:36]} 23. Qh5 {[%clk 0:57:46]} g6 {[%clk 0:34:27]} 24. Qf3
{[%clk 0:57:10]} Qe7 {[%clk 0:27:55]} 25. f5 {[%clk 0:55:43]} Nb8
{[%clk 0:25:19]} 26. Qg4 {[%clk 0:52:59]} Bh6 {[%clk 0:22:07]} 27. Rce1
{[%clk 0:42:25]} Qg5 {[%clk 0:21:38]} 28. Qh3 {[%clk 0:35:43]} Bf8
{[%clk 0:18:49]} 29. Bc1 {[%clk 0:35:54]} Qe7 {[%clk 0:18:43]} 30. Qg4
{[%clk 0:31:48]} Kh8 {[%clk 0:13:38]} 31. Bg5 {[%clk 0:30:45]} Qb4
{[%clk 0:12:33]} 32. Bf6+ {[%clk 0:30:39]} Bg7 {[%clk 0:11:43]} 33. Nh5
{[%clk 0:30:32]} Bxf6 {[%clk 0:06:49]} 34. Nxf6 {[%clk 0:30:42]} Qf8
{[%clk 0:02:10]} 35. Qh4 {[%clk 0:30:19]} h6 {[%clk 0:02:23]} 36. Nxe8
{[%clk 0:30:36]} Qxe8 {[%clk 0:02:41]} 37. Qxh6+ {[%clk 0:30:21]} Kg8
{[%clk 0:03:08]} 38. fxg6 {[%clk 0:30:03]} fxg6 {[%clk 0:02:47]} 39. Bxg6
{[%clk 0:29:54]} Qd8 {[%clk 0:03:01]} 40. e6 {[%clk 0:59:48]} Re7
{[%clk 0:32:56]} 41. Bf7+ {[%clk 1:00:08]} 1-0

[Event "MPJ_D16"]
[Site "?"]
[Date "2016.03.19"]
[Round "8.6"]
[White "Stebel, Agata"]
[Black "Buchta, Agnieszka"]
[Result "1/2-1/2"]
[BlackElo "1807"]
[WhiteElo "1856"]
[LiveChessVersion "1.4.8"]

1. f4 {[%clk 1:30:57]} d5 {[%clk 1:30:36]} 2. e3 {[%clk 1:31:18]} c5
{[%clk 1:28:57]} 3. Nf3 {[%clk 1:31:32]} Nf6 {[%clk 1:28:36]} 4. Be2
{[%clk 1:31:40]} Nc6 {[%clk 1:28:23]} 5. O-O {[%clk 1:31:39]} e6 {[%clk 1:28:26]}
6. b3 {[%clk 1:31:22]} Be7 {[%clk 1:27:51]} 7. Bb2 {[%clk 1:30:41]} O-O
{[%clk 1:27:18]} 8. Ne5 {[%clk 1:19:37]} Qc7 {[%clk 1:22:29]} 9. d3
{[%clk 1:17:42]} b5 {[%clk 1:09:46]} 10. Bf3 {[%clk 1:07:30]} Bb7
{[%clk 1:07:38]} 11. Qe1 {[%clk 0:57:22]} Nd7 {[%clk 0:53:26]} 12. Nxd7
{[%clk 0:50:56]} Qxd7 {[%clk 0:53:38]} 13. Qg3 {[%clk 0:47:07]} f6
{[%clk 0:46:05]} 14. Nc3 {[%clk 0:41:14]} a6 {[%clk 0:42:27]} 15. Ne2
{[%clk 0:37:31]} Bd6 {[%clk 0:39:45]} 16. Qh3 {[%clk 0:28:45]} Bc7
{[%clk 0:34:56]} 17. e4 {[%clk 0:23:42]} d4 {[%clk 0:32:13]} 18. g4
{[%clk 0:19:47]} a5 {[%clk 0:27:57]} 19. f5 {[%clk 0:16:49]} a4 {[%clk 0:21:24]}
20. fxe6 {[%clk 0:14:31]} Qxe6 {[%clk 0:21:27]} 21. Ng3 {[%clk 0:13:43]} Bxg3
{[%clk 0:19:20]} 22. Qxg3 {[%clk 0:14:01]} Ne5 {[%clk 0:16:53]} 23. Be2
{[%clk 0:12:22]} axb3 {[%clk 0:15:55]} 24. axb3 {[%clk 0:12:38]} Rxa1
{[%clk 0:16:00]} 25. Rxa1 {[%clk 0:12:51]} Ra8 {[%clk 0:16:21]} 26. Rxa8+
{[%clk 0:12:10]} Bxa8 {[%clk 0:16:46]} 27. h3 {[%clk 0:08:27]} Bb7
{[%clk 0:12:46]} 28. Bc1 {[%clk 0:06:30]} Bc8 {[%clk 0:12:05]} 29. Kh2
{[%clk 0:06:28]} h6 {[%clk 0:11:44]} 30. Bf4 {[%clk 0:05:42]} Kf7
{[%clk 0:08:55]} 31. Bf1 {[%clk 0:05:13]} g5 {[%clk 0:08:05]} 32. Bxe5
{[%clk 0:03:14]} Qxe5 {[%clk 0:08:16]} 33. Qxe5 {[%clk 0:03:14]} fxe5
{[%clk 0:08:44]} 34. Kg3 {[%clk 0:03:16]} Ke6 {[%clk 0:08:51]} 35. Kf2
{[%clk 0:03:01]} Kd6 {[%clk 0:07:51]} 36. Ke2 {[%clk 0:02:24]} Kc6
{[%clk 0:07:59]} 37. Kd2 {[%clk 0:02:10]} Kb6 {[%clk 0:08:04]} 38. c4
{[%clk 0:01:41]} Ka5 {[%clk 0:02:06]} 39. Kc2 {[%clk 0:01:18]} Kb4
{[%clk 0:02:18]} 40. Be2 {[%clk 0:31:17]} Bd7 {[%clk 0:32:02]} 41. Bf1
{[%clk 0:31:09]} Ka3 {[%clk 0:19:57]} 42. Be2 {[%clk 0:27:05]} Be8
{[%clk 0:19:16]} 43. Bf3 {[%clk 0:25:45]} bxc4 {[%clk 0:16:51]} 44. bxc4
{[%clk 0:24:15]} Ba4+ {[%clk 0:16:11]} 45. Kd2 {[%clk 0:23:42]} Kb2
{[%clk 0:15:46]} 46. Be2 {[%clk 0:23:03]} Bb3 {[%clk 0:14:54]} 47. Bf1
{[%clk 0:22:27]} Ba4 {[%clk 0:13:43]} 1/2-1/2

[Event "MPJ_D16"]
[Site "?"]
[Date "2016.03.19"]
[Round "8.7"]
[White "Leczek, Weronika"]
[Black "Dwilewicz, Agata"]
[Result "0-1"]
[BlackElo "1813"]
[WhiteElo "1766"]
[LiveChessVersion "1.4.8"]

1. e4 {[%clk 1:30:57]} d5 {[%clk 1:30:52]} 2. exd5 {[%clk 1:30:16]} Qxd5
{[%clk 1:31:14]} 3. Nc3 {[%clk 1:29:04]} Qa5 {[%clk 1:31:33]} 4. d4
{[%clk 1:27:11]} Nf6 {[%clk 1:31:56]} 5. Bc4 {[%clk 1:19:02]} Bg4
{[%clk 1:31:24]} 6. f3 {[%clk 1:14:42]} Bf5 {[%clk 1:31:23]} 7. Nge2
{[%clk 1:13:03]} e6 {[%clk 1:30:29]} 8. O-O {[%clk 1:08:18]} Be7 {[%clk 1:17:06]}
9. Be3 {[%clk 0:55:11]} c6 {[%clk 1:16:24]} 10. Qd2 {[%clk 0:55:00]} Qc7
{[%clk 1:04:01]} 11. Bf4 {[%clk 0:52:23]} Bd6 {[%clk 1:01:39]} 12. Bxd6
{[%clk 0:52:39]} Qxd6 {[%clk 1:02:03]} 13. Kh1 {[%clk 0:43:44]} Nbd7
{[%clk 0:59:58]} 14. Ng3 {[%clk 0:42:09]} Bg6 {[%clk 1:00:15]} 15. Nce4
{[%clk 0:37:14]} Qc7 {[%clk 0:57:28]} 16. Qb4 {[%clk 0:34:21]} Nxe4
{[%clk 0:43:37]} 17. Nxe4 {[%clk 0:34:41]} Nb6 {[%clk 0:42:26]} 18. Nd6+
{[%clk 0:29:34]} Kd7 {[%clk 0:37:39]} 19. Ne4 {[%clk 0:29:08]} Nxc4
{[%clk 0:28:13]} 20. Qxc4 {[%clk 0:29:19]} Rad8 {[%clk 0:27:09]} 21. a4
{[%clk 0:20:38]} Kc8 {[%clk 0:26:52]} 22. b4 {[%clk 0:19:54]} Qd7
{[%clk 0:23:34]} 23. Rfd1 {[%clk 0:16:31]} Qd5 {[%clk 0:22:31]} 24. Qd3
{[%clk 0:16:24]} Rd7 {[%clk 0:15:01]} 25. b5 {[%clk 0:12:41]} Rhd8
{[%clk 0:14:14]} 26. bxc6 {[%clk 0:12:11]} Qxc6 {[%clk 0:14:04]} 27. Qe3
{[%clk 0:10:36]} e5 {[%clk 0:12:15]} 28. c3 {[%clk 0:10:30]} exd4
{[%clk 0:11:55]} 29. cxd4 {[%clk 0:10:13]} Kb8 {[%clk 0:12:02]} 30. Nc5
{[%clk 0:09:59]} Qxc5 {[%clk 0:07:26]} 31. Rac1 {[%clk 0:06:32]} Qd5
{[%clk 0:07:20]} 32. Qc3 {[%clk 0:06:32]} Qc6 {[%clk 0:07:04]} 33. Qa5
{[%clk 0:06:35]} Qf6 {[%clk 0:06:42]} 34. Rc4 {[%clk 0:06:24]} Qb6
{[%clk 0:06:23]} 35. Qe5+ {[%clk 0:06:20]} Qd6 {[%clk 0:06:41]} 36. Qxg7
{[%clk 0:05:39]} f6 {[%clk 0:04:33]} 37. Qh6 {[%clk 0:05:58]} Rc7
{[%clk 0:04:47]} 38. Rdc1 {[%clk 0:06:00]} Rxc4 {[%clk 0:04:58]} 39. Rxc4
{[%clk 0:06:23]} Bd3 {[%clk 0:04:34]} 40. Rc1 {[%clk 0:36:12]} Qxd4
{[%clk 0:33:25]} 41. Qg7 {[%clk 0:36:36]} Qd6 {[%clk 0:32:05]} 42. Re1
{[%clk 0:36:20]} Bg6 {[%clk 0:31:50]} 43. h3 {[%clk 0:36:22]} f5 {[%clk 0:31:41]}
44. Re7 {[%clk 0:36:25]} Qc6 {[%clk 0:31:15]} 45. f4 {[%clk 0:36:32]} Qc1+
{[%clk 0:27:16]} 0-1